00905nam a22002657a 450000500170000001000110001702000100002803500110003803700160004904000120006508200190007710000300009624500870012626000410021327000440025430000190029850000260031765000390034365000270038270000330040970000260044294200280046899900190049695201240051520170124105933.0 a256109 c06.75 a256109 bCen Lib/Ret aDPLbEN a301.20954bATR aAtreya, Bhikhan Lal98720 aIndia culture /cby Bhikhan Lal Atreya, Sunit Kumar Chatterji [and] Alain Danielou aDelhibA universal pubilcationc00?? bDelhia16, Nataji subhash marg e110006 a95p.c21cm(Hb) aIncludes bibliography aCultural developmentzIndia912804 aTraditional arts98722 aChatterji, Sunit Kumar98692 aDanielou, Alain98723 2ddccENh301.20954mATR c123961d123961 00104070aLbLd2015-06-13eCen Lib/Retg6.75l0o301.20954 ATRp256109r2015-06-13 00:00:00t1v6.75w2016-09-15yEN